[Event "Canadian op U2000"]
[Site "Windsor"]
[Date "2016.07.11"]
[Round "2.25"]
[White "Shah, Omaray M"]
[Black "Deline, Ralph"]
[Result "1/2-1/2"]
[WhiteElo "1927"]
[BlackElo "1824"]
[PlyCount "114"]
[EventDate "2016.07.10"]
[EventType "swiss"]
[EventRounds "9"]
[EventCountry "CAN"]
[SourceTitle "EXT 2022"]
[Source "ChessBase"]
[SourceDate "2021.10.06"]
[SourceVersion "1"]
[SourceVersionDate "2021.10.06"]
[SourceQuality "1"]

1. e4 c5 2. Nf3 e6 3. d4 cxd4 4. Nxd4 a6 5. Nc3 b5 6. a3 Bb7 7. Be2 d6 8. 0-0 Be7 9. f4 Qc7 10. Bf3 Nd7 11. Qe1 Ngf6 12. Kh1 0-0 13. g4 e5 14. Nf5 Nc5 15. g5 Ne8 16. Rg1 Ne6 17. Nxe7+ Qxe7 18. f5 Nd4 19. Qf2 Rc8 20. Be3 Rc4 21. Bg2 Qc7 22. Rad1 b4 23. axb4 Rxb4 24. Rb1 d5 25. Bxd4 Rxd4 26. Nxd5 Bxd5 27. exd5 Rf4 28. Qe2 Rxf5 29. Be4 Rf4 30. Bd3 Qd6 31. c4 Nc7 32. Rbe1 Re8 33. Be4 a5 34. Rgf1 Rxf1+ 35. Rxf1 Na6 36. Bxh7+ Kf8 37. Qh5 Re7 38. Bg6 Ke8 39. Qh8+ Kd7 40. Bxf7 Nc5 41. Bh5 Kc7 42. Qa8 Kb6 43. Rf7 Rxf7 44. Bxf7 e4 45. Qe8 a4 46. Bg6 Nd3 47. Qb5+ Kc7 48. Qa5+ Kb8 49. Qb5+ Kc7 50. Be8 e3 51. Qa5+ Kb8 52. Bc6 Nc5 53. Qa8+ Kc7 54. Qa5+ Kb8 55. Qa8+ Kc7 56. Qa7+ Kd8 57. Qa8+ Kc7 1/2-1/2

[Event "CAN-ch Seniors 65+"]
[Site "Kitchener"]
[Date "2015.08.01"]
[Round "3"]
[White "Doubleday, William G"]
[Black "Deline, Ralph"]
[Result "1/2-1/2"]
[WhiteElo "2052"]
[BlackElo "1853"]
[PlyCount "152"]
[EventDate "2015.07.31"]
[EventType "swiss"]
[EventRounds "7"]
[EventCountry "CAN"]
[SourceTitle "EXT 2022"]
[Source "ChessBase"]
[SourceDate "2021.10.06"]
[SourceVersion "1"]
[SourceVersionDate "2021.10.06"]
[SourceQuality "1"]

1. d4 Nf6 2. c4 g6 3. Nc3 Bg7 4. e4 d6 5. Bd3 0-0 6. Nge2 e5 7. d5 a5 8. f3 Na6 9. Be3 Nc5 10. Bc2 Qe7 11. Qd2 Nfd7 12. g4 Nb6 13. Bd3 c6 14. h4 cxd5 15. cxd5 Bd7 16. 0-0-0 Rac8 17. Kb1 Nxd3 18. Qxd3 Nc4 19. Bc1 a4 20. a3 Qd8 21. Be3 b5 22. Na2 f5 23. gxf5 gxf5 24. Bg5 Qb6 25. h5 h6 26. Bc1 f4 27. Bd2 Kh8 28. Rdg1 Rg8 29. Bc3 Rcf8 30. Nb4 Rf7 31. Nc2 Be8 32. Qd1 Bf8 33. Qe1 Rxg1 34. Rxg1 Rg7 35. Rxg7 Bxg7 36. Qh4 Qc7 37. Nb4 Qf7 38. Nc6 Bf6 39. Qg4 Qxh5 40. Nxf4 Qxg4 41. fxg4 Ne3 42. Ne6 Nxg4 43. Nc7 Bg6 44. Kc1 h5 45. Nxb5 h4 46. Be1 h3 47. Bg3 Bxe4 48. Nxd6 Bxd5 49. Nb4 Bb3 50. Ne4 Bg7 51. Nd3 h2 52. Ndf2 Bd5 53. Bxh2 Nxh2 54. Nc3 Bc6 55. Kc2 Nf3 56. b4 axb3+ 57. Kxb3 Nd2+ 58. Kc2 Bh6 59. Ng4 Bf4 60. Nxe5 Bxe5 61. Kxd2 Kg7 62. Kd3 Kf7 63. a4 Ke8 64. Kc4 Kd7 65. Nb5 Bg2 66. Kc5 Bg3 67. Kb6 Bf2+ 68. Ka6 Bf1 69. Kb7 Bc5 70. Nc3 Bg2+ 71. Ka6 Kc6 72. Nb5 Bf1 73. Ka5 Bd3 74. Nc3 Be7 75. Nb5 Kc5 76. Nc7 Bd8 1/2-1/2

[Event "CAN-ch Seniors 65+"]
[Site "Kitchener"]
[Date "2015.08.01"]
[Round "2"]
[White "Wingrove, William"]
[Black "Deline, Ralph"]
[Result "1/2-1/2"]
[WhiteElo "1613"]
[BlackElo "1853"]
[PlyCount "61"]
[EventDate "2015.07.31"]
[EventType "swiss"]
[EventRounds "7"]
[EventCountry "CAN"]
[SourceTitle "EXT 2022"]
[Source "ChessBase"]
[SourceDate "2021.10.06"]
[SourceVersion "1"]
[SourceVersionDate "2021.10.06"]
[SourceQuality "1"]

1. e4 c5 2. c3 d5 3. exd5 Qxd5 4. d4 Nc6 5. Nf3 Bg4 6. Be2 cxd4 7. cxd4 e6 8. 0-0 Nf6 9. h3 Bh5 10. Nc3 Qd8 11. Be3 Be7 12. Qd2 0-0 13. Rfd1 Nb4 14. a3 Nbd5 15. Rac1 Rc8 16. Rc2 Bg6 17. Bd3 Bxd3 18. Qxd3 a6 19. Bd2 Bd6 20. g3 Nxc3 21. Bxc3 Nd5 22. Bd2 Rxc2 23. Qxc2 h6 24. Rc1 Qb8 25. Kg2 Ne7 26. Qe4 Rc8 27. Rxc8+ Qxc8 28. Qd3 Qc7 29. Qc3 Nd5 30. Qxc7 Bxc7 31. Ne5 1/2-1/2

[Event "FICGS rapid M 000076 email"]
[Site "FICGS email"]
[Date "2014.12.27"]
[Round "1"]
[White "Deline, Ralph"]
[Black "Moormann, Joerg"]
[Result "1/2-1/2"]
[WhiteElo "2218"]
[BlackElo "2115"]
[PlyCount "53"]
[EventDate "2014.??.??"]
[EventType "tourn (rapid)"]
[EventRounds "6"]
[SourceTitle "Corr 2022"]
[Source "ChessBase"]
[SourceDate "2021.10.24"]
[SourceVersion "1"]
[SourceVersionDate "2021.10.24"]
[SourceQuality "1"]

1. e4 e5 2. Nf3 Nc6 3. Bb5 a6 4. Ba4 Nf6 5. 0-0 Be7 6. Re1 b5 7. Bb3 d6 8. c3 0-0 9. h3 Na5 10. Bc2 c5 11. d4 Nd7 12. d5 Nb6 13. Nbd2 g6 14. Nf1 f5 15. Bh6 Rf7 16. b3 f4 17. Qe2 Bd7 18. a4 c4 19. b4 Nb3 20. Bxb3 cxb3 21. axb5 axb5 22. Rxa8 Qxa8 23. Rb1 Qa3 24. Qb2 Qxb2 25. Rxb2 Bf8 26. Bxf8 Rxf8 27. Rxb3 1/2-1/2

[Event "FICGS class M 000069 email"]
[Site "FICGS email"]
[Date "2014.09.27"]
[Round "1"]
[White "Deline, Ralph"]
[Black "Huerga, Aser"]
[Result "1/2-1/2"]
[WhiteElo "2217"]
[BlackElo "2221"]
[PlyCount "34"]
[EventDate "2014.??.??"]
[EventType "tourn (corr)"]
[EventRounds "6"]
[SourceTitle "Corr 2022"]
[Source "ChessBase"]
[SourceDate "2021.10.24"]
[SourceVersion "1"]
[SourceVersionDate "2021.10.24"]
[SourceQuality "1"]

1. d4 d5 2. Nf3 Nf6 3. c4 c6 4. e3 e6 5. Nbd2 c5 6. cxd5 exd5 7. Bb5+ Bd7 8. Bxd7+ Nbxd7 9. 0-0 Bd6 10. b3 0-0 11. Bb2 b6 12. Rc1 Qc7 13. h3 Rfe8 14. Qe2 Rac8 15. Rc2 Qb7 16. Rfc1 Rc7 17. Qd3 Rcc8 1/2-1/2

[Event "FICGS class M 000069 email"]
[Site "FICGS email"]
[Date "2014.09.27"]
[Round "1"]
[White "Deline, Ralph"]
[Black "Wosch, Arkadiusz Janusz"]
[Result "1/2-1/2"]
[WhiteElo "2217"]
[BlackElo "2213"]
[PlyCount "58"]
[EventDate "2014.??.??"]
[EventType "tourn (corr)"]
[EventRounds "6"]
[SourceTitle "Corr 2022"]
[Source "ChessBase"]
[SourceDate "2021.10.24"]
[SourceVersion "1"]
[SourceVersionDate "2021.10.24"]
[SourceQuality "1"]

1. d4 Nf6 2. Nf3 g6 3. c4 Bg7 4. Nc3 d5 5. Bf4 0-0 6. Rc1 dxc4 7. e3 Be6 8. Ng5 Bd5 9. e4 h6 10. exd5 hxg5 11. Bxg5 Nxd5 12. Bxc4 Nb6 13. Bb3 Nc6 14. d5 Nd4 15. 0-0 Qd7 16. h4 Rfe8 17. a3 Nxb3 18. Qxb3 Rad8 19. Rfd1 Qf5 20. a4 Bxc3 21. Rxc3 Nxd5 22. Rf3 Qe4 23. Rfd3 c6 24. Rd4 Qe6 25. Qxb7 Rb8 26. Qxa7 Rxb2 27. a5 Reb8 28. a6 R8b6 29. Qa8+ Rb8 1/2-1/2

[Event "FICGS class M 000069 email"]
[Site "FICGS email"]
[Date "2014.09.27"]
[Round "1"]
[White "Schmid, Pablo"]
[Black "Deline, Ralph"]
[Result "1-0"]
[WhiteElo "2218"]
[BlackElo "2217"]
[PlyCount "91"]
[EventDate "2014.??.??"]
[EventType "tourn (corr)"]
[EventRounds "6"]
[SourceTitle "Corr 2022"]
[Source "ChessBase"]
[SourceDate "2021.10.24"]
[SourceVersion "1"]
[SourceVersionDate "2021.10.24"]
[SourceQuality "1"]

1. e4 e6 2. d4 d5 3. Nc3 Nf6 4. e5 Nfd7 5. f4 c5 6. Nf3 Nc6 7. Be3 a6 8. Qd2 b5 9. dxc5 Bxc5 10. Bd3 Qb6 11. Bf2 Bb7 12. a3 h6 13. 0-0 Bxf2+ 14. Qxf2 Qxf2+ 15. Kxf2 Rc8 16. Ne2 g6 17. Ned4 Nc5 18. Ke3 Kf8 19. Nxc6 Bxc6 20. Nd4 Kg7 21. Rh1 Na4 22. b3 Nc5 23. g4 h5 24. gxh5 Rxh5 25. h4 Rhh8 26. Rag1 Kf8 27. Be2 Bd7 28. h5 gxh5 29. Rxh5 Rxh5 30. Bxh5 Ne4 31. Be2 Ke7 32. Bd3 Nc5 33. Bh7 Rh8 34. Rh1 f6 35. Be4 fxe5 36. fxe5 Rxh1 37. Bxh1 Be8 38. Bf3 Kd7 39. Bg4 Bf7 40. Kf4 Ne4 41. Bf3 Bg6 42. Bxe4 Bxe4 43. b4 Bg2 44. Kg5 Bh3 45. Kf6 Bg4 46. Nb3 1-0

[Event "FICGS rapid M 000060 email"]
[Site "FICGS email"]
[Date "2012.11.29"]
[Round "1"]
[White "Deline, Ralph"]
[Black "Wosch, Arkadiusz Janusz"]
[Result "1/2-1/2"]
[WhiteElo "2179"]
[BlackElo "2129"]
[PlyCount "64"]
[EventDate "2012.??.??"]
[EventType "tourn (rapid)"]
[EventRounds "6"]
[SourceTitle "Corr 2022"]
[Source "ChessBase"]
[SourceDate "2021.10.24"]
[SourceVersion "1"]
[SourceVersionDate "2021.10.24"]
[SourceQuality "1"]

1. e4 c5 2. Nf3 Nc6 3. Bb5 g6 4. 0-0 Bg7 5. Nc3 e5 6. d3 Nge7 7. Bg5 h6 8. Bxe7 Nxe7 9. a4 0-0 10. Bc4 d6 11. h3 Be6 12. Re1 Bf6 13. a5 Kg7 14. a6 b6 15. Nb5 Nc6 16. c3 Qd7 17. Qa4 Rad8 18. Bd5 Bxd5 19. exd5 Ne7 20. c4 Nf5 21. Qd1 Ne7 22. Nc3 Nf5 23. b4 cxb4 24. Nb5 Nh4 25. Nxh4 Bxh4 26. Qb3 Rc8 27. Qxb4 Rc5 28. Re2 Bg5 29. Rb1 h5 30. Rf1 Rfc8 31. Rd1 Kh6 32. Qb2 h4 1/2-1/2

[Event "FICGS rapid M 000059 email"]
[Site "FICGS email"]
[Date "2012.10.26"]
[Round "1"]
[White "Deline, Ralph"]
[Black "Groves, Don"]
[Result "0-1"]
[WhiteElo "2162"]
[BlackElo "2155"]
[PlyCount "108"]
[EventDate "2012.??.??"]
[EventType "tourn (rapid)"]
[EventRounds "6"]
[SourceTitle "Corr 2022"]
[Source "ChessBase"]
[SourceDate "2021.10.24"]
[SourceVersion "1"]
[SourceVersionDate "2021.10.24"]
[SourceQuality "1"]

1. e4 c5 2. Nf3 d6 3. Bb5+ Bd7 4. Bxd7+ Qxd7 5. 0-0 Nc6 6. d3 Nf6 7. h3 e6 8. Bf4 Be7 9. Nbd2 0-0 10. a4 Bd8 11. Re1 Rc8 12. c3 h6 13. Nh2 Re8 14. Qf3 e5 15. Bg3 d5 16. Qd1 Bc7 17. Bh4 Re6 18. Bxf6 Rxf6 19. exd5 Qxd5 20. Ne4 Rg6 21. Nf1 Qd7 22. h4 Qh3 23. Ne3 Qxh4 24. Nf5 Qd8 25. Nxc5 Qg5 26. Ne3 f5 27. Qf3 Bb6 28. b4 Bxc5 29. bxc5 Rf8 30. Nd5 Kh7 31. Rad1 f4 32. Kf1 Rf5 33. Rb1 Rf7 34. Nb4 Nd8 35. Rb2 Rf5 36. a5 Ne6 37. a6 bxa6 38. c6 Nc7 39. Ra2 Qd8 40. Nxa6 Rfg5 41. Nxc7 Qxc7 42. Rb1 Rxg2 43. Ke2 R2g5 44. Qe4 f3+ 45. Kd2 Rg4 46. Qe3 Qxc6 47. Rxa7 Rd6 48. Rab7 e4 49. d4 Qd5 50. R7b5 Qa2+ 51. R1b2 Ra6 52. R5b4 Qe6 53. Kc2 Ra1 54. Rb1 Rxb1 0-1

[Event "FICGS rapid M 000059 email"]
[Site "FICGS email"]
[Date "2012.10.26"]
[Round "1"]
[White "Larwinski, Paul"]
[Black "Deline, Ralph"]
[Result "1/2-1/2"]
[WhiteElo "2150"]
[BlackElo "2162"]
[PlyCount "61"]
[EventDate "2012.??.??"]
[EventType "tourn (rapid)"]
[EventRounds "6"]
[SourceTitle "Corr 2022"]
[Source "ChessBase"]
[SourceDate "2021.10.24"]
[SourceVersion "1"]
[SourceVersionDate "2021.10.24"]
[SourceQuality "1"]

1. c4 c5 2. Nf3 Nf6 3. g3 d5 4. cxd5 Nxd5 5. Bg2 Nc6 6. Nc3 Nc7 7. 0-0 e5 8. d3 Be7 9. Nd2 Be6 10. Nc4 Nd5 11. Ne3 Nb6 12. b3 0-0 13. Nc4 Nd5 14. Bb2 f6 15. Nxd5 Bxd5 16. Bxd5+ Qxd5 17. e4 Qd7 18. Qe2 Rad8 19. Rad1 Qe6 20. Ne3 Rf7 21. Bc3 Bf8 22. Nd5 f5 23. f4 Bd6 24. Rde1 Bb8 25. Qg2 a5 26. Kh1 b5 27. Rc1 Nb4 28. Bxb4 cxb4 29. Rc5 Qd7 30. fxe5 Bxe5 31. Nb6 1/2-1/2

[Event "FICGS class A 000127 email"]
[Site "FICGS email"]
[Date "2012.09.22"]
[Round "1"]
[White "Deline, Ralph"]
[Black "Bellegotti, Giorgio"]
[Result "1/2-1/2"]
[WhiteElo "2162"]
[BlackElo "2088"]
[PlyCount "53"]
[EventDate "2012.??.??"]
[EventType "tourn (corr)"]
[EventRounds "6"]
[SourceTitle "Corr 2022"]
[Source "ChessBase"]
[SourceDate "2021.10.24"]
[SourceVersion "1"]
[SourceVersionDate "2021.10.24"]
[SourceQuality "1"]

1. e4 c5 2. Nf3 d6 3. d4 cxd4 4. Qxd4 Nc6 5. Bb5 Bd7 6. Bxc6 Bxc6 7. Nc3 Nf6 8. Bg5 e6 9. 0-0-0 Be7 10. Rhe1 0-0 11. Kb1 h6 12. Bh4 Qc7 13. Qd3 Rfd8 14. Nd4 a6 15. f3 b5 16. Nxc6 Qxc6 17. Ne2 Qb7 18. Nd4 Rac8 19. c3 Nd7 20. Bxe7 Nc5 21. Qd2 Qxe7 22. g4 Qf6 23. Qf2 d5 24. e5 Qg6+ 25. Qc2 Qg5 26. Qd2 Qxd2 27. Rxd2 1/2-1/2

[Event "FICGS rapid M 000058 email"]
[Site "FICGS email"]
[Date "2012.09.14"]
[Round "1"]
[White "Deline, Ralph"]
[Black "Novikov, Evgeny"]
[Result "1-0"]
[WhiteElo "2162"]
[BlackElo "2200"]
[PlyCount "105"]
[EventDate "2012.??.??"]
[EventType "tourn (rapid)"]
[EventRounds "6"]
[SourceTitle "Corr 2022"]
[Source "ChessBase"]
[SourceDate "2021.10.24"]
[SourceVersion "1"]
[SourceVersionDate "2021.10.24"]
[SourceQuality "1"]

1. d4 c5 2. d5 d6 3. e4 Nf6 4. Bd3 Nbd7 5. Nf3 h6 6. 0-0 g5 7. Qe2 g4 8. Nh4 Ne5 9. Bb5+ Bd7 10. Bf4 a6 11. Bxd7+ Nfxd7 12. Nd2 Qc7 13. Rad1 0-0-0 14. Nf5 h5 15. Nc4 Kb8 16. a4 Rg8 17. Bxe5 Nxe5 18. Nxe5 dxe5 19. b3 c4 20. bxc4 e6 21. Ne3 Bc5 22. Rd3 Rd7 23. Nd1 Ba7 24. Nb2 h4 25. Kh1 Qc8 26. f3 g3 27. h3 Re8 28. Rfd1 Rc7 29. c3 exd5 30. Rxd5 f6 31. a5 Rc5 32. Qd2 Rc6 33. Rd7 Rh8 34. Qd5 Rc7 35. Rd6 Ka8 36. Qd3 Rc5 37. Ra1 Rc6 38. Rd7 Rc7 39. Rd5 Rc5 40. Qc2 Rd8 41. Qb3 Qc7 42. Qb4 Rc8 43. Rad1 Rxd5 44. exd5 Bc5 45. Qa4 Bd6 46. Ra1 f5 47. Qc2 Rf8 48. Qe2 e4 49. fxe4 Re8 50. Qh5 Rxe4 51. Qxf5 Qxa5 52. Rg1 Re3 53. Qg6 1-0

[Event "FICGS rapid M 000058 email"]
[Site "FICGS email"]
[Date "2012.09.14"]
[Round "1"]
[White "Lubas, Jozef"]
[Black "Deline, Ralph"]
[Result "1/2-1/2"]
[WhiteElo "2273"]
[BlackElo "2162"]
[PlyCount "43"]
[EventDate "2012.??.??"]
[EventType "tourn (rapid)"]
[EventRounds "6"]
[SourceTitle "Corr 2022"]
[Source "ChessBase"]
[SourceDate "2021.10.24"]
[SourceVersion "1"]
[SourceVersionDate "2021.10.24"]
[SourceQuality "1"]

1. d4 Nf6 2. c4 g6 3. Nc3 Bg7 4. e4 d6 5. Nf3 0-0 6. Be2 e5 7. 0-0 Nc6 8. d5 Ne7 9. Be3 Ng4 10. Bd2 f5 11. Re1 Nf6 12. Bd3 fxe4 13. Nxe4 Nxe4 14. Bxe4 Nf5 15. Qb3 a5 16. Rac1 b6 17. Re2 Bh6 18. Qd3 Bxd2 19. Qxd2 Qe7 20. g3 Bd7 21. Ree1 Rf6 22. b3 1/2-1/2

[Event "Kitchener Riedstra Memorial U2000"]
[Site "Kitchener"]
[Date "2012.03.11"]
[Round "4"]
[White "Hassain, Mahmud"]
[Black "Deline, Ralph"]
[Result "1-0"]
[WhiteElo "1936"]
[BlackElo "1756"]
[PlyCount "97"]
[EventDate "2012.03.09"]
[EventType "swiss"]
[EventRounds "5"]
[EventCountry "CAN"]
[SourceTitle "EXT 2022"]
[Source "ChessBase"]
[SourceDate "2021.10.06"]
[SourceVersion "1"]
[SourceVersionDate "2021.10.06"]
[SourceQuality "1"]

1. e4 c5 2. Nf3 g6 3. c4 Bg7 4. d4 cxd4 5. Nxd4 Nc6 6. Nc2 Nf6 7. Nc3 d6 8. Be2 0-0 9. Be3 Be6 10. b3 Qa5 11. Qd2 Rac8 12. Rc1 Nd7 13. Na4 Qxd2+ 14. Bxd2 f5 15. exf5 Bxf5 16. Ne3 Be6 17. 0-0 Nd4 18. Rfe1 Nxe2+ 19. Rxe2 Ne5 20. Nf1 Bd7 21. Nc3 Bc6 22. Be3 b6 23. f3 Nd3 24. Rd1 Ne5 25. Nd5 Rf7 26. a4 Bxd5 27. Rxd5 Nc6 28. Ng3 Kf8 29. Ne4 h6 30. Red2 Na5 31. R5d3 Rc7 32. Re2 Nc6 33. f4 Nb4 34. Rd1 Kg8 35. g3 Nc6 36. h4 Kh7 37. Kg2 Rf5 38. g4 Rf8 39. h5 gxh5 40. Rh1 Nd4 41. Bxd4 Bxd4 42. f5 Rg8 43. g5 hxg5 44. Rxh5+ Kg7 45. Rxg5+ Kf7 46. Rxg8 Kxg8 47. Kf3 Kf7 48. Ng5+ Kf6 49. Ne6 1-0

[Event "Guelph Winter Pro-Am U2000"]
[Site "Guelph"]
[Date "2012.02.12"]
[Round "5"]
[White "Deline, Ralph"]
[Black "Hassain, Mahmud"]
[Result "1-0"]
[WhiteElo "1783"]
[BlackElo "1981"]
[PlyCount "105"]
[EventDate "2012.02.10"]
[EventType "swiss"]
[EventRounds "5"]
[EventCountry "CAN"]
[SourceTitle "EXT 2022"]
[Source "ChessBase"]
[SourceDate "2021.10.06"]
[SourceVersion "1"]
[SourceVersionDate "2021.10.06"]
[SourceQuality "1"]

1. e4 c5 2. Nc3 g6 3. f4 Bg7 4. Nf3 Nc6 5. Bb5 Nd4 6. 0-0 a6 7. Bc4 e6 8. d3 d6 9. Ne2 Ne7 10. c3 Nxe2+ 11. Qxe2 b5 12. Bb3 0-0 13. Bd2 Bb7 14. Rae1 d5 15. g4 c4 16. Bc2 cxd3 17. Bxd3 dxe4 18. Bxe4 Bxe4 19. Qxe4 Qd5 20. Qxd5 Nxd5 21. f5 exf5 22. gxf5 Rfe8 23. fxg6 hxg6 24. Ng5 Bh6 25. Ne4 Bxd2 26. Nxd2 f5 27. Kf2 Nf4 28. Re3 Rad8 29. Rxe8+ Rxe8 30. Kf3 Nd3 31. Rg1 Kf7 32. b3 Kf6 33. c4 Rd8 34. Ke2 g5 35. cxb5 axb5 36. a4 Nf4+ 37. Kd1 bxa4 38. bxa4 Rd4 39. a5 Ra4 40. Nb3 Ra2 41. Rh1 Rb2 42. Nd2 Rb5 43. h4 g4 44. Rf1 Nh5 45. Ne4+ Ke5 46. Rxf5+ Kxf5 47. Nd6+ Kf4 48. Nxb5 Nf6 49. a6 Nd7 50. a7 Nb6 51. Nc3 Na8 52. Ne2+ Kf5 53. Ke1 1-0

[Event "Guelph Winter Pro-Am U2000"]
[Site "Guelph"]
[Date "2012.02.11"]
[Round "3"]
[White "Deline, Ralph"]
[Black "Forsyth, Barry"]
[Result "1-0"]
[WhiteElo "1783"]
[BlackElo "1667"]
[PlyCount "88"]
[EventDate "2012.02.10"]
[EventType "swiss"]
[EventRounds "5"]
[EventCountry "CAN"]
[SourceTitle "EXT 2022"]
[Source "ChessBase"]
[SourceDate "2021.10.06"]
[SourceVersion "1"]
[SourceVersionDate "2021.10.06"]
[SourceQuality "1"]

1. e4 e6 2. d4 Nf6 3. e5 Nd5 4. Nf3 h6 5. c4 Nb6 6. Nc3 d5 7. c5 N6d7 8. Qa4 c6 9. b4 b5 10. Qb3 Be7 11. a4 bxa4 12. Rxa4 0-0 13. b5 cxb5 14. Bxb5 Bb7 15. Bd3 Bc6 16. Ra2 f6 17. Bf4 fxe5 18. Bxe5 Nxe5 19. Nxe5 Bf6 20. Nf3 a5 21. Re2 Bd7 22. Nxd5 Nc6 23. Nxf6+ Rxf6 24. d5 exd5 25. Qxd5+ Kh8 26. Be4 Rb8 27. Rd2 Qe7 28. 0-0 Bg4 29. Rdd1 Rb4 30. Rfe1 Qf7 31. Qxf7 Rxf7 32. Bxc6 Rc7 33. Rd8+ Kh7 34. Ne5 Bf5 35. g4 Rxg4+ 36. Nxg4 Rxc6 37. Ne3 Rg6+ 38. Kf1 Bh3+ 39. Ke2 Rc6 40. Rc1 Ra6 41. c6 a4 42. c7 a3 43. c8Q Bxc8 44. Rdxc8 Rb6 1-0

[Event "Guelph Winter Pro-Am U2000"]
[Site "Guelph"]
[Date "2012.02.11"]
[Round "2"]
[White "Hendon, Lee"]
[Black "Deline, Ralph"]
[Result "0-1"]
[WhiteElo "1635"]
[BlackElo "1783"]
[PlyCount "72"]
[EventDate "2012.02.10"]
[EventType "swiss"]
[EventRounds "5"]
[EventCountry "CAN"]
[SourceTitle "EXT 2022"]
[Source "ChessBase"]
[SourceDate "2021.10.06"]
[SourceVersion "1"]
[SourceVersionDate "2021.10.06"]
[SourceQuality "1"]

1. e4 c5 2. Nf3 g6 3. d4 cxd4 4. Nxd4 Nc6 5. c4 Bg7 6. Be3 Nf6 7. Nc3 0-0 8. Be2 d6 9. 0-0 Bd7 10. Qd2 Nxd4 11. Bxd4 Bc6 12. f3 a5 13. Bd1 a4 14. Bc2 Nd7 15. Bxg7 Kxg7 16. Qd4+ Kg8 17. Nd5 Re8 18. Nb4 Nc5 19. Nxc6 bxc6 20. f4 Ne6 21. Qe3 c5 22. f5 Nd4 23. Bd3 Rb8 24. Rf2 e5 25. Raf1 Rb7 26. f6 Re6 27. h4 Qf8 28. g4 Re8 29. g5 Reb8 30. Rb1 Ne6 31. Rh2 Nf4 32. Bf1 Qc8 33. Qd2 Qg4+ 34. Kh1 Qf3+ 35. Bg2 Qd3 36. Bf1 Qxb1 0-1

[Event "Canadian op 48th"]
[Site "Toronto"]
[Date "2011.07.16"]
[Round "8"]
[White "Deline, Ralph"]
[Black "Karmalkar, Vilas"]
[Result "1/2-1/2"]
[WhiteElo "1828"]
[BlackElo "1608"]
[PlyCount "134"]
[EventDate "2011.07.09"]
[EventType "swiss"]
[EventRounds "9"]
[EventCountry "CAN"]
[SourceTitle "EXT 2022"]
[Source "ChessBase"]
[SourceDate "2021.10.06"]
[SourceVersion "1"]
[SourceVersionDate "2021.10.06"]
[SourceQuality "1"]

1. e4 e5 2. Nf3 Nc6 3. Bc4 h6 4. c3 Nf6 5. d3 Bc5 6. b4 Bb6 7. b5 Na5 8. Nxe5 Nxc4 9. Nxc4 0-0 10. Nxb6 axb6 11. 0-0 Re8 12. Nd2 d5 13. f3 Qd6 14. Nb3 Bd7 15. a4 Qe5 16. d4 Qe6 17. e5 Nh7 18. Be3 c6 19. Qe2 Rac8 20. bxc6 bxc6 21. a5 bxa5 22. Nc5 Qe7 23. Rxa5 Bf5 24. Rfa1 Nf8 25. Ra7 Rc7 26. R7a6 Ne6 27. R1a5 Nxc5 28. Rxc5 Qe6 29. c4 Qd7 30. cxd5 cxd5 31. Rd6 Qc8 32. Rdxd5 Be6 33. Rxc7 Qxc7 34. Rc5 Qb7 35. Rb5 Qc6 36. Qb2 Ra8 37. Rc5 Qa4 38. Rc1 Qd7 39. Qc3 Qb7 40. Rf1 Ra2 41. Rc1 Kh7 42. Bf2 g5 43. h3 h5 44. Qd3+ Kg7 45. Rd1 Bd5 46. Qe3 Kg6 47. h4 Qe7 48. Qxg5+ Qxg5 49. hxg5 Kxg5 50. Be3+ Kf5 51. Rd2 Ra3 52. Kf2 f6 53. exf6 Kxf6 54. Bf4 h4 55. Bc7 h3 56. Be5+ Kg6 57. gxh3 Rxf3+ 58. Ke1 Rxh3 59. Rf2 Rh1+ 60. Kd2 Rh3 61. Rf6+ Kg5 62. Rd6 Be4 63. Bf6+ Kf5 64. Bd8 Rd3+ 65. Ke2 Rh3 66. Rf6+ Kg4 67. Bc7 Bh1 1/2-1/2

[Event "CAN-ch Seniors"]
[Site "Kitchener"]
[Date "2010.08.01"]
[Round "4"]
[White "Solis, Jaime"]
[Black "Deline, Ralph"]
[Result "1/2-1/2"]
[WhiteElo "1828"]
[BlackElo "1887"]
[PlyCount "87"]
[EventDate "2010.07.30"]
[EventType "swiss"]
[EventRounds "7"]
[EventCountry "CAN"]
[SourceTitle "EXT 2022"]
[Source "ChessBase"]
[SourceDate "2021.10.06"]
[SourceVersion "1"]
[SourceVersionDate "2021.10.06"]
[SourceQuality "1"]

1. e4 g6 2. d4 Bg7 3. Nf3 d6 4. Be2 Nf6 5. Nbd2 0-0 6. 0-0 Nbd7 7. c3 a5 8. Qc2 c6 9. Re1 e5 10. dxe5 dxe5 11. Nc4 Qc7 12. h3 b5 13. Ncd2 Nc5 14. Bf1 a4 15. Rb1 h6 16. b4 axb3 17. axb3 Be6 18. Bb2 Nh5 19. Ra1 f5 20. Ba3 Qb6 21. Bxc5 Qxc5 22. b4 Qe7 23. exf5 Bxf5 24. Bd3 Nf4 25. Bxf5 Rxa1 26. Rxa1 gxf5 27. Nb3 e4 28. Re1 Qf6 29. Nfd4 Qg6 30. f3 exf3 31. Nxf3 Nxh3+ 32. Kh2 Nf4 33. Nbd4 Nd5 34. Re6 Qh5+ 35. Kg1 Rf6 36. Rxc6 Rxc6 37. Nxc6 Bxc3 38. Qb3 Qf7 39. Qxd5 Qxd5 40. Ne7+ Kf7 41. Nxd5 Bg7 42. Kf1 Bf8 43. Nc7 Bxb4 44. Nxb5 1/2-1/2